The effect of bleaching on color change and surface texture of stained enamel and nano - filled resin composite / (رقم التسجيلة. 13617)

تفاصيل مارك
000 -LEADER
fixed length control field 017170000a22003370004500
003 - CONTROL NUMBER IDENTIFIER
control field EG-GICUC
005 - DATE AND TIME OF LATEST TRANSACTION
control field 20250223025452.0
008 - FIXED-LENGTH DATA ELEMENTS--GENERAL INFORMATION
fixed length control field 080924s2007 ua dh f m 000 0 eng d
040 ## - CATALOGING SOURCE
Original cataloging agency EG-GICUC
Language of cataloging eng
Transcribing agency EG-GICUC
041 0# - LANGUAGE CODE
Language code of text/sound track or separate title Eng
049 ## - LOCAL HOLDINGS (OCLC)
Holding library Deposite
097 ## - Thesis Degree
Thesis Level M.Sc
099 ## - LOCAL FREE-TEXT CALL NUMBER (OCLC)
Classification number Cai01.09.03.M.Sc.2007.Mo.E
100 0# - MAIN ENTRY--PERSONAL NAME
Personal name Mona Mostafa Elbadawy
245 14 - TITLE STATEMENT
Title The effect of bleaching on color change and surface texture of stained enamel and nano - filled resin composite /
Statement of responsibility, etc. Mona Mostafa Elbadawy ; Supervised Hussein Abdelfattah Gomaa , Mohamed Adel Ezzat Khairy
246 15 - VARYING FORM OF TITLE
Title proper/short title تأثير التبييض على تغير اللون والملمس السطحى للمينا المصبوغة والراتنج المركب النانوفيلد
260 ## - PUBLICATION, DISTRIBUTION, ETC.
Place of publication, distribution, etc. Cairo :
Name of publisher, distributor, etc. Mona Mostafa Elbadawy ,
Date of publication, distribution, etc. 2007
300 ## - PHYSICAL DESCRIPTION
Extent 81Leaves :
Other physical details charts , facsimiles ;
Dimensions 30cm
502 ## - DISSERTATION NOTE
Dissertation note Thesis (M.Sc.) - Cairo University - Faculty Of Oral and Dental Medicine - Department Of Operative Dentistry
520 ## - SUMMARY, ETC.
Summary, etc. This study assessed the effect of bleaching on the color change and surface texture of stained enamel and resin composite.60extracted incisors were collected and divided into 2 groups , according to the application of the bleaching agent and further subdivided into 3 subgroup according to the time period of immersion in the staining solution
530 ## - ADDITIONAL PHYSICAL FORM AVAILABLE NOTE
Additional physical form available note Issued also as CD
653 #4 - INDEX TERM--UNCONTROLLED
Uncontrolled term Bleaching
653 #4 - INDEX TERM--UNCONTROLLED
Uncontrolled term Carbamide peroxide
653 #4 - INDEX TERM--UNCONTROLLED
Uncontrolled term Resin composite
700 0# - ADDED ENTRY--PERSONAL NAME
Personal name Hussein Abdelfattah Gomaa ,
Relator term
700 0# - ADDED ENTRY--PERSONAL NAME
Personal name Mohamed Adel Ezzat Khairy ,
Relator term
856 ## - ELECTRONIC LOCATION AND ACCESS
Uniform Resource Identifier <a href="http://172.23.153.220/th.pdf">http://172.23.153.220/th.pdf</a>
905 ## - LOCAL DATA ELEMENT E, LDE (RLIN)
Cataloger Fatma
Reviser Cataloger
905 ## - LOCAL DATA ELEMENT E, LDE (RLIN)
Cataloger Nazla
Reviser Revisor
942 ## - ADDED ENTRY ELEMENTS (KOHA)
Source of classification or shelving scheme Dewey Decimal Classification
Koha item type Thesis
المقتنيات
Source of classification or shelving scheme Not for loan Home library Current library Date acquired Full call number Barcode Date last seen Koha item type Copy number
Dewey Decimal Classification   المكتبة المركزبة الجديدة - جامعة القاهرة قاعة الرسائل الجامعية - الدور الاول 11.02.2024 Cai01.09.03.M.Sc.2007.Mo.E 01010110049739000 22.09.2023 Thesis  
Dewey Decimal Classification   المكتبة المركزبة الجديدة - جامعة القاهرة مخـــزن الرســائل الجـــامعية - البدروم 11.02.2024 Cai01.09.03.M.Sc.2007.Mo.E 01020110049739000 22.09.2023 CD - Rom 49739.CD
Cairo University Libraries Portal Implemented & Customized by: Eng. M. Mohamady Contacts: new-lib@cl.cu.edu.eg | cnul@cl.cu.edu.eg
CUCL logo CNUL logo
© All rights reserved — Cairo University Libraries
CUCL logo
Implemented & Customized by: Eng. M. Mohamady Contact: new-lib@cl.cu.edu.eg © All rights reserved — New Central Library
CNUL logo
Implemented & Customized by: Eng. M. Mohamady Contact: cnul@cl.cu.edu.eg © All rights reserved — Cairo National University Library